Country By First Google Image #1 - Statistics

General Stats
  • This quiz has been taken 42 times
  • The average score is 10 of 15
Answer Stats
Picture Answer % Correct
Egypt
100%
Japan
100%
North Korea
100%
United Kingdom
100%
United States
100%
Madagascar
97%
Saudi Arabia
92%
Thailand
82%
Jordan
74%
Peru
68%
New Zealand
32%
South Korea
32%
Nepal
29%
Belarus
5%
St. Kitts and Nevis
5%
No matching quizzes found
Score Distribution
Percent of People with Each Score
Percentile by Number Answered
Your Score History
You have not taken this quiz